Flow properties of polymer melts (Record no. 36436)

MARC details
000 -LEADER
fixed length control field 00392nam a2200157Ia 4500
082 ## - DEWEY DECIMAL CLASSIFICATION NUMBER
Classification number 028.28680
Item number BRY
100 ## - MAIN ENTRY--AUTHOR NAME
Personal name Brydson, J A
245 #0 - TITLE STATEMENT
Title Flow properties of polymer melts
250 ## - EDITION STATEMENT
Edition statement Ed.2
260 ## - PUBLICATION, DISTRIBUTION, ETC. (IMPRINT)
Place of publication London
Name of publisher George Godwin
Year of publication 1981
650 ## - SUBJECT ADDED ENTRY--TOPICAL TERM
Topical Term Elongational flow
650 ## - SUBJECT ADDED ENTRY--TOPICAL TERM
Topical Term Polymer melts
650 ## - SUBJECT ADDED ENTRY--TOPICAL TERM
Topical Term Shear flow
942 ## - ADDED ENTRY ELEMENTS (KOHA)
Koha item type Books
Holdings
Withdrawn status Lost status Damaged status Not for loan Home library Current library Date acquired Cost, normal purchase price Full call number Accession Number Koha item type
        RRII Library RRII Library 16/12/2021 22.00 028.28680 BRY 16842 Books